|
|
|
|
| LEADER |
01822nam a22003497a 4500 |
| 001 |
44213 |
| 003 |
BD-DhAAL |
| 005 |
20250311113646.0 |
| 008 |
250305t2017 bg a|||| b||| 00| 0 eng d |
| 020 |
|
|
|a 9789849243014
|
| 040 |
|
|
|a BD-DhAAL
|c BD-DhAAL
|
| 082 |
|
|
|a 382.4568795492
|2 22
|
| 245 |
|
|
|a Strengthening the social dialogue process within a weak enabling environment :
|b the case of Bangladesh's RMG industry /
|c Khondaker Golam Moazzem ... [et al.].
|
| 260 |
|
|
|a Dhaka, Bangladesh :
|b Centre for Policy Dialogue,
|c 2017.
|
| 300 |
|
|
|a 47 pages :
|b illustrations ;
|c 24 cm
|
| 490 |
|
|
|a CPD research monograph ;
|v 9
|
| 504 |
|
|
|a Includes bibliographical references
|
| 541 |
|
|
|a Complimentary copy from The Centre for Policy Dialogue (CPD)
|e 44213, 44214
|
| 650 |
|
|
|a Clothing trade
|z Bangladesh.
|
| 650 |
|
|
|a Clothing trade.
|
| 650 |
|
|
|a Export marketing
|z Bangladesh.
|9 57900
|
| 650 |
|
|
|a Commerce (Trade)
|
| 700 |
|
|
|a Moazzem, Khondaker Golam.
|9 57901
|
| 700 |
|
|
|a Khandker, Abeen.
|9 57902
|
| 700 |
|
|
|a Radia, Maezuka Ahmad.
|9 57903
|
| 700 |
|
|
|a Ali, Shahjahan.
|9 57904
|
| 710 |
|
|
|a Centre for Policy Dialogue (Bangladesh)
|
| 830 |
|
|
|a CPD research monograph ;
|v 9
|9 57893
|
| 942 |
|
|
|2 ddc
|c BK
|
| 999 |
|
|
|c 47257
|d 47257
|
| 952 |
|
|
|0 0
|1 0
|2 ddc
|4 0
|6 382_456879549200000_STR
|7 0
|9 77448
|a BRACUL
|b BRACUL
|c GEN
|d 2025-03-05
|e Complimentary copy from The Centre for Policy Dialogue (CPD)
|g 320.00
|l 0
|o 382.4568795492 STR
|p 3010044213
|r 2025-03-05
|t 1
|w 2025-03-05
|y BK
|x Complimentary copy from The Centre for Policy Dialogue (CPD)
|
| 952 |
|
|
|0 0
|1 0
|2 ddc
|4 0
|6 382_456879549200000_STR
|7 0
|9 77449
|a BRACUL
|b BRACUL
|c GEN
|d 2025-03-05
|e Complimentary copy from The Centre for Policy Dialogue (CPD)
|g 320.00
|l 0
|o 382.4568795492 STR
|p 3010044214
|r 2025-03-05
|t 2
|w 2025-03-05
|y BK
|x Complimentary copy from The Centre for Policy Dialogue (CPD)
|